| 000 | 00490nam a2200181Ia 4500 | ||
|---|---|---|---|
| 005 | 20250326143238.0 | ||
| 008 | 250326s9999 xx 000 0 und d | ||
| 037 | _aTextbook | ||
| 040 |
_aFMSL _beng _cFMSL |
||
| 041 |
_aeng _2eng |
||
| 084 |
_aX:72 P4 _qFMSL |
||
| 100 |
_aNair M _9735840 |
||
| 245 | 0 |
_aEssentials of balance scorecard _cNair M |
|
| 260 |
_aNew Jersey _bNew Jersey, John Wiley _c2004 |
||
| 300 | _a244p | ||
| 942 |
_cTB _hX:72 P4 |
||
| 999 |
_c1298759 _d1298759 |
||